000 00287nam a2200121Ia 4500
008 190216s9999||||xx |||||||||||||| ||und||
100 _aDirac P A M
245 0 _aGeneral Theory Of Relativity
260 _bPrentice Hall India
_c2001
300 _a69 p
650 _aPhysics
942 _cBK
999 _c33704
_d33704